000
00335 a2200157 4500
001
150217
040
_c
Escola São Tomás de Aquino
100
_a
TRAMBAIOLLI, Egidio Neto
240
1
0
_a
Os olímpicos
_l
por
245
1
0
_a
Os olímpicos
300
_a
16
362
0
_a
1999
440
1
_a
FTD
697
_a
MATEMÁTICA
942
_c
BK
999
_c
150217
_d
150217